书目信息 |
| 题名: |
商品广告摄影指南
|
|
| 作者: | 韩丛耀 编译 | |
| 分册: | ||
| 出版信息: | 南京 江苏人民出版社 1996.11 |
|
| 页数: | 338页 | |
| 开本: | 24cm | |
| 丛书名: | 光与影摄影丛书 | |
| 单 册: | ||
| 中图分类: | J406 | |
| 科图分类: | ||
| 主题词: | 摄影艺术--美术理论 | |
| 电子资源: | ||
| ISBN: | 7-214-01394-0 | |
| 000 | 00589nam2 2200205 45 | |
| 001 | 0111191561 | |
| 005 | 20070727145546.64 | |
| 010 | @a7-214-01394-0@dCNY29.60 | |
| 100 | @a20011119d1996 km y0chiy0120 ea | |
| 101 | 0 | @achi |
| 200 | 1 | @a商品广告摄影指南@AShang Pin Guang Gao She Ying Zhi Nan@f韩丛耀编译@FHan Cong Yao Bian Yi |
| 210 | @a南京@c江苏人民出版社@d1996.11 | |
| 215 | @a338页@d24cm | |
| 225 | @a光与影摄影丛书 | |
| 410 | @12001 @a光与影摄影丛书 | |
| 606 | 0 | @a摄影艺术@x美术理论 |
| 690 | @aJ406@v4 | |
| 701 | @a韩丛耀@4编译 | |
| 801 | @aCN@bTSTC@c20070727 | |
| 905 | @dJ406@e125 | |
| 商品广告摄影指南/韩丛耀编译.-南京:江苏人民出版社,1996.11 |
| 338页;24cm.-(光与影摄影丛书) |
| ISBN 7-214-01394-0:CNY29.60 |
| ● |
| 相关链接 |
|
|
|
|
正题名:商品广告摄影指南
索取号:J406/125
 
预约/预借
| 序号 | 登录号 | 条形码 | 馆藏地/架位号 | 状态 | 备注 |
| 1 | 0300984 | 203009840 | 第一借阅区/ [索取号:J406/125] | 在馆 | |
| 2 | 0300985 | 203009859 | 第一借阅区/ [索取号:J406/125] | 在馆 | |
| 3 | 0300986 | 203009868 | 第一借阅区/ [索取号:J406/125] | 在馆 | |
| 4 | 0300987 | 203009877 | 第一借阅区/ [索取号:J406/125] | 在馆 | |
| 5 | 0300988 | 203009886 | 第一样本阅览室/ [索取号:J406/125] | 在馆 | |
| 6 | 0783167 | 207831676 | 第一借阅区/ [索取号:J406/125] | 在馆 | |
| 7 | 0783168 | 207831685 | 第一借阅区/ [索取号:J406/125] | 在馆 | |
| 8 | 0785021 | 207850217 | 密集书库/ [索取号:J406/125] | 在馆 |